[Event "Nis"]
[Site "Nis"]
[Date "1981.??.??"]
[Round "5"]
[White "Csom, Istvan"]
[Black "Krnic, Zdenko"]
[Result "1-0"]
[WhiteElo "2500"]
[BlackElo "2430"]

1.Nf3 Nf6 2.c4 g6 3.g3 Bg7 4.Bg2 O-O 5.d4 c6 6.O-O d6 7.Nc3 a6 8.e4 b5 9.e5 Ne8
10.Qe2 bxc4 11.Qxc4 Be6 12.Qe2 h6 13.h4 Nd7 14.Bf4 Nb6 15.Qe3 Kh7 16.h5 Nc7
17.Ne4 Nbd5 18.Qc1 Nxf4 19.Qxf4 Bd5 20.Rfe1 Ne6 21.Qd2 g5 22.Rad1 Kh8 23.Nc3 g4
24.Nh2 dxe5 25.Nxd5 Nxd4 26.Nxe7 Qxe7 27.Qxd4 f5 28.Bxc6 Rac8 29.Qd6 Qg5
30.Ba4 Qxh5 31.Rxe5 Bxe5 32.Qxe5+ Kh7 33.Nxg4 Qf7 34.Rd7 fxg4 35.Qf5+  1-0

[Event "US op"]
[Site "Palo Alto"]
[Date "1981.??.??"]
[Round "2"]
[White "Miller, Norman"]
[Black "Gurevich, Dmitry"]
[Result "0-1"]
[WhiteElo "2009"]
[BlackElo "2466"]

1.c4 g6 2.g3 Bg7 3.Bg2 Nf6 4.Nf3 O-O 5.O-O d6 6.Nc3 Nc6 7.d3 e5 8.Rb1 a5
9.a3 Nd4 10.Nd2 Ne6 11.b4 axb4 12.axb4 Nh5 13.b5 f5 14.Bd5 Kh8 15.Nb3 Ng5
16.Bg2 f4 17.Ne4 Nh3+ 18.Kh1 c6 19.Qe1 cxb5 20.cxb5 Qb6 21.f3 fxg3 22.hxg3 Ra2
23.Kh2 d5 24.Nc3 Rc2 25.Na1 Rxc3 26.Qxc3 e4 27.d4 g5 28.fxe4 Nf6 29.Bh1 dxe4
30.Ba3 Re8 31.Qc5 Qe6 32.Qd6 Qf7 33.Rbc1 Qh5 34.Rxc8 Nf4+ 35.Kg1 Nxe2+ 36.Kf2 Rxc8
37.Bc5 Nc3 38.Qe6 e3+ 39.Kg1 Ne2+  0-1

[Event "Pernik"]
[Site "Pernik"]
[Date "1981.??.??"]
[Round "1"]
[White "Djuric, Stefan"]
[Black "Chevaldonnet, Francois"]
[Result "1-0"]
[WhiteElo "2435"]
[BlackElo "2305"]

1.c4 Nf6 2.Nf3 g6 3.g3 Bg7 4.Bg2 O-O 5.O-O d6 6.d4 c6 7.Nc3 Qa5 8.e4 e5 9.d5 cxd5
10.cxd5 Bd7 11.Bd2 Na6 12.a3 Rfc8 13.b4 Qd8 14.Re1 Nc7 15.Bf1 Qe8 16.a4 b5
17.Qb3 bxa4 18.Nxa4 Nb5 19.Nb2 Bf8 20.Ra5 Be7 21.Nc4 Rc7 22.Ra2 Rac8 23.Ra5 Kg7
24.Bd3 Rb8 25.Ne3 h6 26.Rea1 Rbb7 27.Qb2 Kh7 28.Ra6 Qb8 29.Qb3 Qd8 30.Kg2 Kg7
31.R6a5 Qc8 32.Nd1 Bh3+ 33.Kg1 Bd7 34.h3 Qb8 35.Kg2 Qc8 36.g4 Be8 37.Ne3 Bd7
38.Nf1 Be8 39.Ng3 Bd7 40.Bf1 Be8 41.Qe3 Ng8 42.Bxb5 Bxb5 43.Rxa7 Rxa7 44.Rxa7 Rxa7
45.Qxa7 Qc2 46.Qe3 Qb1 47.Qe1 Qb3 48.Qc1 Bd8 49.Qc8 Be7 50.Bxh6+ Nxh6 51.Qb7 Qxb4
52.Qxe7 Ng8 53.Qc7 Nh6 54.Ng5 Kg8 55.Qd8+ Kg7 56.Qe7 Kg8 57.Qd8+ Kg7 58.Qe7 Kg8
59.Qf6 Bd3 60.h4 Qd2 61.Ne6 fxe6 62.Qxg6+ Kf8 63.Qf6+ Kg8 64.g5 Qf4 65.Qg6+  1-0

[Event "Rome"]
[Site "Rome"]
[Date "1981.??.??"]
[Round "?"]
[White "Csom, Istvan"]
[Black "Mariotti, Sergio"]
[Result "1/2-1/2"]
[WhiteElo "2500"]
[BlackElo "2485"]

1.Nf3 Nf6 2.c4 g6 3.g3 Bg7 4.Bg2 O-O 5.O-O c6 6.d4 d5 7.cxd5 cxd5 8.Nc3 Ne4
9.Ne5 Nxc3 10.bxc3 Nc6 11.Nxc6  1/2-1/2

[Event "Rostock"]
[Site "Rostock"]
[Date "1981.??.??"]
[Round "3"]
[White "Neckar, Lubomir"]
[Black "Paehtz, Thomas Sr"]
[Result "0-1"]
[WhiteElo "2375"]
[BlackElo "2360"]

1.Nf3 Nf6 2.c4 g6 3.g3 Bg7 4.Bg2 O-O 5.O-O d6 6.d4 Nbd7 7.Nc3 e5 8.e4 exd4
9.Nxd4 Nc5 10.h3 Re8 11.Re1 a5 12.Rb1 c6 13.Bf4 a4 14.b4 axb3 15.axb3 h6
16.Qc2 Ng4 17.Red1 Ne5 18.Be3 Qe7 19.f4 Ned7 20.Bf2 Nf8 21.b4 Nce6 22.Nde2 g5
23.Qd3 gxf4 24.gxf4 Ra3 25.Nd5 cxd5 26.Qxa3 dxe4 27.Qe3 f5 28.Ng3 Nc7 29.Nh5 Bh8
30.Bf1 Nfe6 31.Be2 b5 32.Kh1 Bb7 33.Kh2 bxc4 34.Bxc4 d5 35.Bb3 Kh7 36.Rg1 d4
37.Qg3 Qf7 38.Rbc1 Bd5 39.Bxd5 Nxd5 40.Qh4 e3 41.Be1 d3 42.Rd1 Nexf4 43.Nxf4 Nxf4
44.Bg3 Ng6 45.Qh5 f4 46.Bh4 d2 47.Bg5 Bg7 48.Rdf1 e2 49.Rxf4 d1=Q 50.Rxf7 Qxg1+  0-1

[Event "Svendborg"]
[Site "Svendborg"]
[Date "1981.??.??"]
[Round "2"]
[White "Sloth, Jorn"]
[Black "Jansa, Vlastimil"]
[Result "0-1"]
[WhiteElo "2380"]
[BlackElo "2480"]

1.Nf3 Nf6 2.g3 g6 3.Bg2 Bg7 4.c4 O-O 5.O-O d6 6.Nc3 e5 7.d3 Nc6 8.Bg5 h6
9.Bxf6 Bxf6 10.Rb1 a5 11.a3 Bg7 12.b4 axb4 13.axb4 Ne7 14.Nd2 e4 15.d4 Bxd4
16.Ndxe4 Bg7 17.Qb3 Be6 18.b5 Qb8 19.Nd5 Nxd5 20.cxd5 Bf5 21.Qc4 b6 22.Rbc1 Re8
23.Nc3 Ra3 24.Na2 Qa7 25.Nb4 Qa4 26.e4 Bd7 27.Nc6 Qxc4 28.Rxc4 Rb3 29.Na7 Bxb5
30.Nxb5 Rxb5 31.Rxc7 Bd4 32.Rc2 Ra5 33.Rd1 Bc5 34.Rb1 Rea8 35.Bf1 Ra2 36.Rbb2 Ra1
37.Kg2 Re1 38.Re2 Raa1 39.Rxe1 Rxe1 40.Be2 Kg7 41.f4 g5 42.Kf3 Kf6 43.Rd2 Ra1
44.e5+ dxe5 45.d6 Ra3+ 46.Ke4 exf4 47.d7 Re3+ 48.Kd5 Be7 49.gxf4 gxf4 50.Kc6 Bd8
51.Bb5 Rc3+ 52.Kb7 f3 53.Rd3 Rxd3 54.Bxd3 Ke5 55.Kc6 Bh4 56.Kc7 Kd4 57.Ba6 Kc5
58.d8=Q Bxd8+ 59.Kxd8 b5  0-1

[Event "Trencianske Teplice"]
[Site "Trencianske Teplice"]
[Date "1981.??.??"]
[Round "3"]
[White "Neckar, Lubomir"]
[Black "Seifert, Milan"]
[Result "1-0"]
[WhiteElo "2375"]
[BlackElo "2315"]

1.Nf3 Nf6 2.c4 g6 3.g3 Bg7 4.Bg2 O-O 5.O-O d6 6.d4 Nc6 7.Nc3 a6 8.d5 Na5
9.Nd2 c5 10.Qc2 Rb8 11.b3 b5 12.Bb2 bxc4 13.bxc4 Ng4 14.Nd1 Ne5 15.Bc3 Bh6
16.Nb2 f5 17.e3 Ng4 18.Nd3 g5 19.h3 Nf6 20.Qa4 Nb7 21.Qxa6 f4 22.gxf4 gxf4
23.Nxf4 Bxf4 24.exf4 Nh5 25.Bf3 Nxf4 26.Kh2 Ng6 27.Qa4 Rxf3 28.Nxf3 Qf8 29.Rg1 Bxh3
30.Kxh3 Qxf3+ 31.Rg3 Qf5+ 32.Kg2 Rf8 33.Rf1 Kf7 34.Qd1 Ke8 35.Qg4 Nf4+ 36.Kh2 Qxg4
37.Rxg4 Ne2 38.Bb2 Na5 39.Re4 Nf4 40.Rfe1 Ng6 41.Kg2 Nf4+ 42.Kg3 Ng6 43.Bc3 Nb7
44.f4 h5 45.Rb1 Nd8 46.Rb8 Kd7 47.Ba5 Nf7 48.Rb7+ Ke8 49.Re6 h4+ 50.Kh2 Nfh8
51.Bc3 Rxf4 52.Bxh8 Nxh8 53.Rb8+ Kd7 54.Rxh8 Rxc4 55.Rh7 Rc2+ 56.Kh3 Rxa2
57.Rexe7+ Kd8 58.Ra7  1-0

[Event "Trencianske Teplice"]
[Site "Trencianske Teplice"]
[Date "1981.??.??"]
[Round "7"]
[White "Neckar, Lubomir"]
[Black "Barczay, Laszlo"]
[Result "1/2-1/2"]
[WhiteElo "2375"]
[BlackElo "2420"]

1.Nf3 Nf6 2.c4 g6 3.g3 Bg7 4.Bg2 O-O 5.O-O d6 6.d4 Nbd7 7.Nc3 e5 8.e4 c6
9.h3 a5 10.Re1 Re8 11.Rb1 exd4 12.Nxd4 Nc5 13.Bf4 a4 14.b3 axb3 15.axb3 h6
16.Qc2 Nfd7 17.Red1 Ne5 18.Be3 Qe7 19.f4 Ned7 20.Bf2 Nf8 21.b4 Nce6  1/2-1/2

[Event "URS-FL49"]
[Site "Volgodonsk"]
[Date "1981.??.??"]
[Round "5"]
[White "Sveshnikov, Evgeny"]
[Black "Mikhalchishin, Adrian"]
[Result "1/2-1/2"]
[WhiteElo "2545"]
[BlackElo "2545"]

1.c4 Nf6 2.Nf3 g6 3.g3 Bg7 4.Bg2 O-O 5.O-O d5 6.d4 Nc6 7.Ne5 dxc4 8.Nxc6 bxc6
9.Bxc6 Bh3 10.Re1 Rb8 11.Na3 Nd5 12.Nxc4 Nb4 13.Be4 Be6 14.a3 Bxc4 15.axb4 Qxd4
16.Qxd4 Bxd4 17.e3 Be5 18.Bd2 Bxb2 19.Rxa7 Rfd8 20.Rxc7 Be6 21.Bc3 Bxc3 22.Rxc3 Rxb4  1/2-1/2

[Event "Beersheba"]
[Site "Beersheba"]
[Date "1982.??.??"]
[Round "4"]
[White "Greenfeld, Alon"]
[Black "Reshevsky, Samuel Herman"]
[Result "1-0"]
[WhiteElo "2305"]
[BlackElo "2500"]

1.Nf3 Nf6 2.c4 g6 3.g3 Bg7 4.Bg2 O-O 5.O-O d6 6.Nc3 e5 7.d4 Nbd7 8.e4 c6
9.h3 Re8 10.Be3 exd4 11.Nxd4 Nc5 12.Qc2 a5 13.Rad1 Qe7 14.Rfe1 a4 15.f4 h5
16.Bf2 Nfd7 17.b4 axb3 18.axb3 Ra3 19.Nb1 Ra8 20.Nc3 Kh7 21.b4 Ne6 22.Nf5 gxf5
23.exf5 Nd4 24.Rxd4 Qxe1+ 25.Bxe1 Rxe1+ 26.Kf2 Bxd4+ 27.Kxe1 Nf6 28.Ne4 Nxe4
29.Bxe4 Ra1+ 30.Ke2 f6 31.c5 d5 32.Qd2 Bg1 33.Qb2 Ra7 34.Qxf6  1-0

[Event "Elekes mem-B"]
[Site "Budapest"]
[Date "1982.??.??"]
[Round "?"]
[White "Boensch, Uwe"]
[Black "Szell, Lajos"]
[Result "1/2-1/2"]
[WhiteElo "2410"]
[BlackElo "2345"]

1.c4 Nf6 2.Nf3 g6 3.g3 Bg7 4.Bg2 O-O 5.O-O c5 6.d4 d6 7.Nc3 Nc6 8.dxc5 dxc5
9.Be3 Qa5 10.Qa4 Qxa4 11.Nxa4 b6  1/2-1/2

[Event "Politiken Cup"]
[Site "Copenhagen"]
[Date "1982.??.??"]
[Round "8"]
[White "Rind, Bruce"]
[Black "Brondum, Eric"]
[Result "1/2-1/2"]
[WhiteElo "2390"]
[BlackElo "2275"]

1.Nf3 Nf6 2.c4 g6 3.g3 Bg7 4.Bg2 O-O 5.O-O d6 6.d4 c6 7.Nc3 Qa5 8.h3 e5 9.e4 Nbd7
10.Re1 Re8 11.Rb1 exd4 12.Nxd4 Ne5 13.Bf1 Qc5 14.Nb3 Qb6 15.Be3 Qc7 16.Nd4 a5
17.b3 h5 18.Bg2 Ned7 19.Qc2 Nc5 20.Rbd1 Bd7 21.Bf4 Rad8 22.Bg5 Bc8 23.Ndb5 Qb8
24.Nd4 Qc7 25.Be3 Re7 26.f4 Rde8 27.Bf2 Nfxe4 28.Rxe4 Nxe4 29.Nxe4 Bd7 30.c5 dxc5
31.Nxc5 h4 32.Nxd7 Rxd7 33.Nf3 hxg3 34.Bxg3 Red8 35.Rxd7 Qxd7 36.Kh2 Qd3
37.Qc5 a4 38.Qb6 a3 39.Qxb7 Qc2 40.Ng5 Rf8 41.Qb4 Qxa2  1/2-1/2

[Event "EU-ch U20"]
[Site "Groningen"]
[Date "1982.??.??"]
[Round "6"]
[White "Greenfeld, Alon"]
[Black "D'Amore, Carlo"]
[Result "1-0"]
[WhiteElo "2305"]
[BlackElo "2305"]

1.Nf3 Nf6 2.c4 g6 3.g3 Bg7 4.Bg2 O-O 5.O-O d6 6.d4 c6 7.Nc3 Nbd7 8.e4 e5
9.h3 Re8 10.Be3 exd4 11.Nxd4 Nc5 12.Qc2 a5 13.Rad1 Qc7 14.Bf4 Nfd7 15.b3 Ne5
16.Be3 f6 17.f4 Nf7 18.Qf2 Bd7 19.Nde2 b6 20.Nd4 Re7 21.a3 Rae8 22.b4 axb4
23.axb4 Nxe4 24.Bxe4 Rxe4 25.Nxe4 Rxe4 26.Qf3 f5 27.g4 c5 28.bxc5 bxc5 29.Nb5 Qb8
30.gxf5 Bxf5 31.Bf2 d5 32.Bxc5 h5 33.Rxd5 Rxc4 34.Bd4 Be6 35.Bxg7 Kxg7 36.Nd4 Bxd5
37.Qxd5 Rc3 38.Nf5+ Kf8 39.Qd4 Qb3 40.Qg7+ Ke8 41.Re1+ Kd7 42.Re7+ Kc6 43.Nd4+  1-0

[Event "Halle-Buna"]
[Site "Halle"]
[Date "1982.??.??"]
[Round "5"]
[White "Schoeneberg, Manfred"]
[Black "Szell, Lajos"]
[Result "0-1"]
[WhiteElo "2375"]
[BlackElo "2345"]

1.Nf3 Nf6 2.c4 g6 3.g3 Bg7 4.Bg2 O-O 5.O-O d6 6.d4 c5 7.Nc3 Nc6 8.d5 Na5
9.Nd2 e5 10.dxe6 Bxe6 11.Nd5 Rb8 12.Nxf6+ Bxf6 13.Ne4 Nxc4 14.Nxf6+ Qxf6
15.Bh6 Rfd8 16.b3 g5 17.Bxg5 Qxg5 18.bxc4 Bxc4 19.Qc2 b5 20.a4 a6 21.axb5 axb5
22.Ra6 d5 23.f4 Qg7 24.f5 b4 25.Raa1 Qd4+ 26.Kh1 b3 27.Qb1 b2 28.Ra3 Ra8
29.Raf3 Ba2  0-1

[Event "Halle-Buna"]
[Site "Halle"]
[Date "1982.??.??"]
[Round "10"]
[White "Malich, Burkhard"]
[Black "Szell, Lajos"]
[Result "0-1"]
[WhiteElo "2435"]
[BlackElo "2345"]

1.Nf3 Nf6 2.c4 g6 3.g3 Bg7 4.Bg2 O-O 5.O-O c5 6.d4 d6 7.Nc3 Nc6 8.dxc5 dxc5
9.Be3 Qa5 10.Bd2 Nd4 11.Ne1 Qa6 12.e3 Nc6 13.b3 Bg4 14.f3 Be6 15.Nd3 b6 16.Nf4 Bd7
17.Qe2 Rfd8 18.Rfd1 Rac8 19.Be1 Nb4 20.g4 e5 21.a3 Nc6 22.Nfd5 Nxd5 23.Nxd5 Be6
24.Ra2 Rd7 25.f4 Bxd5 26.Rxd5 Rxd5 27.cxd5 Qxe2 28.Rxe2 Na5 29.b4 Nc4 30.bxc5 bxc5
31.a4 exf4 32.exf4 Bd4+ 33.Bf2 Bxf2+ 34.Kxf2 Nd6 35.Rc2 Kf8 36.Ke3 Ke7 37.Bf1 Rc7
38.Ba6 Ne8 39.g5 Kd6 40.Bc4 Re7+ 41.Kf3 Ng7 42.Rb2 Nf5 43.Rb8 Re3+ 44.Kg4 Rc3
45.Be2 Kxd5 46.Rb7 a5 47.Rxf7 h5+  0-1

[Event "Hong Kong zt qual"]
[Site "Hong Kong"]
[Date "1982.??.??"]
[Round "?"]
[White "Goh Cheng Hong"]
[Black "Rodriguez, Ruben"]
[Result "1/2-1/2"]
[WhiteElo "2355"]
[BlackElo "2405"]

1.c4 Nf6 2.Nf3 g6 3.g3 Bg7 4.Bg2 O-O 5.O-O d5 6.cxd5 Nxd5 7.Nc3 Nc6 8.Nxd5 Qxd5
9.d3 Qb5 10.Rb1 a5 11.Bd2 h6 12.Bc3 e5 13.Nd2 Be6 14.b3 Rfd8 15.a3 Bf8 16.Qc1 Ra6
17.Re1  1/2-1/2

[Event "Hong Kong zt"]
[Site "Hong Kong"]
[Date "1982.??.??"]
[Round "5"]
[White "Goh Cheng Hong"]
[Black "De Guzman, Ricardo"]
[Result "0-1"]
[WhiteElo "2355"]
[BlackElo "2295"]

1.c4 Nf6 2.Nf3 g6 3.g3 Bg7 4.Bg2 O-O 5.O-O d6 6.d4 Nc6 7.Nc3 Bg4 8.h3 Bxf3
9.Bxf3 Nd7 10.e3 e5 11.d5 Ne7 12.Be2 f5 13.Kh2 a6 14.f4 e4 15.Qc2 h5 16.Rb1 c6
17.dxc6 bxc6 18.Rd1 Qc7 19.b3 Rfd8 20.Kg2 Nc5 21.Bb2 Ne6 22.Na4 Qa7 23.Bxg7 Kxg7
24.Qc3+ Kf7 25.Rb2 d5 26.c5 d4 27.exd4 Nd5 28.Qc1 h4 29.Bc4 hxg3 30.Nc3 Qc7
31.Ne2 Kf6 32.Rf1 Rh8 33.Bxd5 cxd5 34.b4 Rh4 35.Rb3 Rah8 36.Rxg3 g5 37.Rxg5 Rxh3
38.Ng3 Rh2+ 39.Kg1 Nxg5  0-1

[Event "Luzern ol (Men)"]
[Site "Luzern"]
[Date "1982.??.??"]
[Round "2"]
[White "Chaivichit, Suchart"]
[Black "Campos Lopez, Mario"]
[Result "1-0"]
[WhiteElo "2330"]
[BlackElo "2330"]

1.Nf3 Nf6 2.c4 g6 3.g3 Bg7 4.Bg2 O-O 5.Nc3 d6 6.d4 Nbd7 7.O-O c5 8.d5 a6
9.a4 Rb8 10.Nd2 Ne8 11.a5 Nc7 12.Qc2 b5 13.axb6 Nxb6 14.b3 e6 15.Bb2 exd5
16.Nxd5 Bxb2 17.Qxb2 Nbxd5 18.cxd5 Rb4 19.Ra4 Rxa4 20.bxa4 Qe7 21.Nc4 Bd7
22.Qb6 Ne8 23.Qxa6 Qxe2 24.Rc1 Bf5 25.Qc6 Qe7 26.a5 Bd3 27.Bf1 Bxc4 28.Bxc4 Qc7
29.Re1 Qxc6 30.dxc6 Nc7 31.Re7 d5 32.Rxc7 dxc4 33.Rd7 c3 34.Rd5  1-0

[Event "Luzern ol (Men)"]
[Site "Luzern"]
[Date "1982.??.??"]
[Round "4"]
[White "Donchev, Dimitar I"]
[Black "Yap, Andronico"]
[Result "0-1"]
[WhiteElo "2430"]
[BlackElo "2385"]

1.Nf3 Nf6 2.c4 g6 3.g3 Bg7 4.Bg2 O-O 5.d4 d6 6.Nc3 Nc6 7.O-O Nd7 8.e4 e5
9.d5 Nd4 10.Nxd4 exd4 11.Nb5 Ne5 12.b3 d3 13.Bb2 Bg4 14.Qd2 Be2 15.Rfe1 f5
16.exf5 Rxf5 17.f4 c6 18.dxc6 Qb6+ 19.Bd4 Nxc4 20.Bxb6 Nxd2 21.cxb7 Rb8 22.Bxa7 Rxb7
23.Bxb7 Rxb5 24.Bc6 Ra5 25.Bb6 Ra6 26.Bd5+ Kf8 27.Be3 Nf3+ 28.Bxf3 Bxf3 29.a4 Bxa1
30.Rxa1 Rc6 31.Rc1 Rxc1+ 32.Bxc1 Bd1 33.Kf2 Bxb3 34.Ke3 Bxa4 35.Kxd3 Kf7
36.Ba3 Ke6 37.Kd4 Bc6 38.Bb4 Bg2 39.Be1 Kf5 40.Bf2 Kg4 41.Ke3 Kh3 42.Be1 d5
43.Bc3 Be4 44.Kf2 Kxh2 45.Bh8 Kh3 46.Bc3 Kg4 47.Bg7 h5 48.Be5 Kf5 49.Ke3 g5
50.Bc7 h4 51.fxg5 h3 52.g4+ Kxg5 53.Be5 Kxg4 54.Bh2 Kf5 55.Kd4 Ke6 56.Kc5 Kd7
57.Bg3 Kc8 58.Bh2 Kb7 59.Bg3 Ka6 60.Bc7 Bg2 61.Kb4 Bf3 62.Kc5 Be4 63.Bd6 Ka5
64.Kd4 Ka4 65.Kc3 Bg2 66.Kc2 Bf3 67.Kc3 Be4 68.Bh2 Ka3 69.Bd6+ Ka2 70.Bh2 Kb1
71.Bf4 Bg6 72.Kd4 Bf7 73.Kc3 Be6 74.Kd3 Kb2 75.Kd2 Kb3 76.Kd3 Bf5+ 77.Kd2 d4
78.Be5 Kc4 79.Bh2 Kd5 80.Ke2 Ke4 81.Bc7 d3+ 82.Kf2 Bg4 83.Ba5 Bf3 84.Kg3 Bg2
85.Bd2 Kd4 86.Kf2 Kc4 87.Ba5 Kb3 88.Be1 Kc2 89.Kg3 d2 90.Kh2  0-1

[Event "Luzern ol (Men)"]
[Site "Luzern"]
[Date "1982.??.??"]
[Round "5"]
[White "Karkanaque, Ilir"]
[Black "Sanz Alonso, Francisco Javier"]
[Result "1/2-1/2"]
[WhiteElo "2250"]
[BlackElo "2365"]

1.Nf3 Nf6 2.c4 g6 3.g3 Bg7 4.Bg2 O-O 5.O-O d6 6.d4 Nc6 7.Nc3 e5 8.dxe5 Nxe5
9.Nxe5 dxe5 10.Qxd8 Rxd8 11.Bg5 Rd4 12.Rad1 c6 13.Be3 Rxd1 14.Rxd1 Be6 15.b3 Bf8
16.Na4 Nd7 17.f4 exf4 18.gxf4 Bh6 19.Kf2 Nf6 20.Bf3 Ng4+ 21.Bxg4 Bxg4 22.Nc5 b5
23.Nd7 Bg7 24.Ne5 Bxe5 25.fxe5  1/2-1/2

[Event "Luzern ol (Men)"]
[Site "Luzern"]
[Date "1982.??.??"]
[Round "12"]
[White "Pelts, Roman"]
[Black "Fauzi, Achmad"]
[Result "1-0"]
[WhiteElo "2450"]
[BlackElo "2270"]

1.Nf3 Nf6 2.c4 g6 3.g3 Bg7 4.Bg2 O-O 5.d4 c6 6.O-O d5 7.Nc3 Ne4 8.Qb3 Nxc3
9.bxc3 Qa5 10.cxd5 cxd5 11.Ne5 Nc6 12.Ba3 Nxe5 13.dxe5 Re8 14.Bb4 Qc7 15.Bxd5 e6
16.Bd6 Qa5 17.Bc4 Bxe5 18.Bb5 Rd8 19.Bxe5 Rd5 20.Bf6 Rxb5 21.Qc4 Rf5 22.Qd4 e5
23.Qh4 Qa6 24.Bg5 f6 25.Be3 Qxe2 26.Rfd1 Be6 27.Rd6 Re8 28.Rad1 Qxa2 29.Rd8 Bf7
30.Qb4 Qe6 31.Bh6  1-0

[Event "Luzern ol (Men)"]
[Site "Luzern"]
[Date "1982.??.??"]
[Round "12"]
[White "Sinprayoon, Pricha"]
[Black "Liew, Chee Meng Jimmy"]
[Result "0-1"]
[WhiteElo "2350"]
[BlackElo "2270"]

1.Nf3 Nf6 2.g3 g6 3.Bg2 Bg7 4.c4 O-O 5.Nc3 d6 6.d4 Nc6 7.O-O a6 8.d5 Na5
9.Qd3 c5 10.Rb1 Bg4 11.h3 Bxf3 12.exf3 Rb8 13.f4 b5 14.cxb5 c4 15.Qd2 axb5
16.b4 cxb3 17.axb3 Nd7 18.b4 Nc4 19.Qd3 Qc7 20.Ne2 Ra8 21.Nd4 Bxd4 22.Qxd4 Qa7
23.Qxa7 Rxa7 24.Re1 Ndb6 25.Be3 Nxe3 26.Rxe3 Rc8 27.Ree1 Kf8 28.Red1 Na4
29.Rb3 Rc3 30.Rdb1 Rac7 31.Rxc3 Nxc3 32.Rb3 Ne2+ 33.Kh2 Nd4 34.Rb1 Rc2 35.Kg1 Rc1+
36.Rxc1 Ne2+ 37.Kh2 Nxc1 38.Bf1 Na2 39.Bxb5 Nxb4 40.Bc4 Ke8 41.Kg2 Kd7 42.Kf3 Kc7
43.Ke4 Kb6 44.g4 Kc5 45.Bb3 f6 46.h4 h6 47.f3 Na6 48.Ba4 Nc7 49.Bb3 Nb5 50.g5 f5+
51.Ke3 h5 52.Bc2 Nc3  0-1

[Event "Luzern ol (Men)"]
[Site "Luzern"]
[Date "1982.??.??"]
[Round "12"]
[White "Mascarinas, Rico"]
[Black "Skalkotas, Nikolaos"]
[Result "1-0"]
[WhiteElo "2410"]
[BlackElo "2355"]

1.Nf3 Nf6 2.c4 g6 3.g3 Bg7 4.Bg2 O-O 5.O-O d5 6.d4 dxc4 7.Na3 c3 8.bxc3 c5
9.Ne5 Nfd7 10.Nec4 cxd4 11.cxd4 Nc6 12.e3 Nb6 13.Nxb6 axb6 14.Rb1 Re8 15.Qb3 Bf5
16.Rb2 Ra5 17.Rd2 Bd7 18.d5 Ne5 19.f4 Ba4 20.Qb4 Nd7 21.Nc4 Rc5 22.Qxa4 b5
23.Qb4 bxc4 24.Qxb7 c3 25.Rdd1 Qc7 26.Qxc7 Rxc7 27.e4 c2 28.Rd3 Nc5 29.Rd2 Na6
30.e5 Nb4 31.Rff2 Nxa2 32.Rxc2 Rxc2 33.Rxc2 Nxc1 34.Rxc1 Bf8 35.Rd1 Rd8 36.Kf2 f6
37.Ke3 fxe5 38.fxe5 Kf7 39.Bh3 Ke8 40.Ke4 Ra8 41.Rd4 Bg7 42.Rc4 Kd8 43.d6 exd6
44.exd6 Bf6 45.Kd5 Ke8 46.Rc8+  1-0

[Event "Marbella zt-B"]
[Site "Marbella"]
[Date "1982.??.??"]
[Round "5"]
[White "Van der Sterren, Paul"]
[Black "Hebden, Mark"]
[Result "1/2-1/2"]
[WhiteElo "2470"]
[BlackElo "2400"]

1.Nf3 Nf6 2.g3 g6 3.Bg2 Bg7 4.c4 O-O 5.O-O d6 6.Nc3 Nc6 7.d4 a6 8.d5 Na5
9.Nd2 c5 10.Qc2 Rb8 11.a4 e6 12.b3 exd5 13.cxd5 b5 14.axb5 axb5 15.Bb2 Re8
16.Rfe1 Bf5 17.e4 Bd7 18.h3 Qb6 19.Kh2 Nh5 20.Nd1 Bd4 21.Ne3 Nb7 22.Nf3 Bxb2
23.Qxb2 Qd8 24.e5 Ng7 25.Re2 Bf5 26.Ng4 Bxg4 27.hxg4 h5 28.gxh5 Nxh5 29.Rae1 dxe5
30.Nxe5 Qf6 31.Qc1 Qg7 32.g4 Nf6 33.g5 Rxe5 34.gxf6 Rh5+ 35.Kg1 Qxf6 36.Re7 Nd6
37.Qxc5 Rc8 38.Rc7 Rxc7 39.Qxc7 Qf4 40.Qe7 Qh2+ 41.Kf1 Nf5 42.Qf6 Ng3+ 43.fxg3 Rf5+
44.Qxf5 gxf5 45.d6 Qxg3 46.Rd1 Qxb3 47.Rd5 Qb1+ 48.Kf2 Qa2+ 49.Kf1 Qa1+ 50.Ke2 Qa2+
51.Kf1 Qa1+  1/2-1/2

[Event "Moscow"]
[Site "Moscow"]
[Date "1982.??.??"]
[Round "?"]
[White "Szekely, Peter"]
[Black "Geller, Efim P"]
[Result "0-1"]
[WhiteElo "2430"]
[BlackElo "2575"]

1.Nf3 Nf6 2.c4 g6 3.g3 Bg7 4.Bg2 O-O 5.d4 d6 6.Nc3 Nbd7 7.O-O e5 8.e4 c6
9.Rb1 exd4 10.Nxd4 Re8 11.h3 Nc5 12.Re1 h6 13.b3 a5 14.Kh2 a4 15.f3 axb3
16.axb3 Qb6 17.Be3 Qb4 18.Qc2 Nfd7 19.Bf2 Ra3 20.Na2 Qa5 21.Nc3 Na6 22.Qb2 Ndc5
23.Ra1 Rxa1 24.Rxa1 Qb4 25.Rd1 Be6 26.Na2 Qb6 27.Qc3 Ra8 28.b4 Na4 29.Qb3 Bxc4
30.Qxa4 Nc7 31.Qc2 Rxa2 32.Qxc4 Rxf2 33.Kh1 Rb2 34.b5 Qc5 35.Qd3 Qxd4 36.Qxd4 Bxd4
37.Rxd4 Nxb5 38.Ra4 Kf8 39.Ra8+ Ke7 40.f4 Nc3 41.g4 Ne2 42.f5 Nf4 43.Bf1 Rb1
44.Kg1  0-1

[Event "Pamporovo"]
[Site "Pamporovo"]
[Date "1982.??.??"]
[Round "1"]
[White "Radev, Nikolai"]
[Black "Tatai, Stefano"]
[Result "0-1"]
[WhiteElo "2350"]
[BlackElo "2440"]

1.Nf3 Nf6 2.c4 g6 3.g3 Bg7 4.Bg2 O-O 5.O-O d6 6.d4 Nbd7 7.Nc3 e5 8.e4 c6
9.h3 Re8 10.Re1 a5 11.Qc2 exd4 12.Nxd4 Nc5 13.Be3 a4 14.Rad1 Nfd7 15.Re2 Qa5
16.Red2 Qb4 17.Nb1 Ne5 18.Na3 h5 19.Kh1 h4 20.g4 Nxg4 21.hxg4 Bxg4 22.Rg1 h3
23.Bf3 Bxf3+ 24.Nxf3 Nxe4 25.Re2 Re7 26.Bd4 Rae8 27.Bxg7 Kxg7 28.Rge1 Nxf2+
29.Rxf2 Rxe1+ 30.Nxe1 Qxe1+ 31.Kh2 Qe5+ 32.Kh1 Qg3 33.Qd2 Re5 34.Nc2 Rg5
35.Qe1 h2 36.Qc3+ Qxc3 37.bxc3 Rg3 38.Re2 Rxc3 39.Ne3 f5 40.Kxh2 Kf7 41.Kg3  0-1

[Event "Quebec inv"]
[Site "Quebec"]
[Date "1982.??.??"]
[Round "?"]
[White "Barbeau, Sylvain"]
[Black "Spraggett, Kevin"]
[Result "0-1"]
[WhiteElo "2230"]
[BlackElo "2465"]

1.Nf3 Nf6 2.c4 g6 3.g3 Bg7 4.Bg2 O-O 5.O-O d6 6.d4 Nc6 7.Nc3 a6 8.h3 Rb8
9.Be3 b5 10.Nd2 Bd7 11.d5 Na5 12.cxb5 axb5 13.b4 Nc4 14.Nxc4 bxc4 15.a3 Qc8
16.Kh2 Qa6 17.Qc1 Rfe8 18.Bh6 Bh8 19.Rd1 c6 20.e4 cxd5 21.exd5 Bf5 22.b5 Rxb5
23.Nxb5 Qxb5 24.a4 Qa6 25.Bf1 Rc8 26.Rd4 Bd3 27.Bxd3 cxd3 28.Qf1 Ne8 29.Re4 Bxa1
30.Qxa1 Qa7 31.Qe1 Rc7 32.Rf4 Ng7 33.Qe4 d2 34.Qd3 Nf5 35.Rxf5 gxf5 36.Qxd2 f6
37.Qe2 Kh8 38.Kg1 Qxa4 39.Qh5 Qa1+ 40.Kh2 Qa8 41.Qxf5 Qg8 42.Be3 Qf7 43.h4 h5
44.Qf4 Qg6 45.Bb6 Rb7 46.Qe3 Kg7 47.Ba5 Qf5 48.Bd2 Kf7 49.Qh6 Qxf2+ 50.Kh3 Qf5+
51.Kh2 Rb2  0-1

[Event "Randers zt-A"]
[Site "Randers"]
[Date "1982.??.??"]
[Round "4"]
[White "Zueger, Beat"]
[Black "Gruenfeld, Yehuda"]
[Result "0-1"]
[WhiteElo "2335"]
[BlackElo "2505"]

1.c4 Nf6 2.g3 g6 3.Bg2 Bg7 4.Nf3 O-O 5.O-O Nc6 6.Nc3 d6 7.d4 a6 8.d5 Na5
9.Nd2 c5 10.Qc2 e5 11.b3 Nh5 12.e4 f5 13.exf5 gxf5 14.Bb2 Rb8 15.Rab1 b5
16.Ba1 Bd7 17.cxb5 axb5 18.b4 cxb4 19.Rxb4 Qe8 20.Qd3 Nb7 21.Qe2 Nc5 22.a4 e4
23.Nxb5 Qg6 24.Bxg7 Kxg7 25.Rfb1 Nd3 26.R1b3 Rbc8 27.Rxd3 exd3 28.Qxd3 Rfe8
29.Nf3 Qf6 30.Nfd4 f4 31.Bf3 fxg3 32.hxg3 Re5 33.Na7 Rf8 34.Nac6 Bf5 35.Rb7+ Kh8
36.Nxf5 Rxf5 37.Bg4 Nxg3 38.Bxf5 Nxf5 39.Qh3 Rg8+ 40.Kh2 Nh4  0-1

[Event "Reykjavik op"]
[Site "Reykjavik"]
[Date "1982.??.??"]
[Round "?"]
[White "Burger, Karl"]
[Black "Kraehenbuehl, Gerhard"]
[Result "1/2-1/2"]
[WhiteElo "2420"]
[BlackElo "2305"]

1.Nf3 Nf6 2.c4 g6 3.g3 Bg7 4.Bg2 O-O 5.O-O d6 6.d4 Bg4 7.h3 Bxf3 8.Bxf3 Nc6
9.Nc3 Nd7 10.e3 e5 11.d5 Ne7 12.Be2 a5 13.Kh2 f5 14.f4 Nc5 15.Qc2 Kh8 16.b3 Ng8
17.Rb1 exf4 18.exf4 Nf6 19.Bf3 Re8 20.Bd2 Qd7  1/2-1/2

[Event "DDR-ch 31th"]
[Site "Salzwedel"]
[Date "1982.??.??"]
[Round "1"]
[White "Boensch, Uwe"]
[Black "Uhlmann, Wolfgang"]
[Result "1/2-1/2"]
[WhiteElo "2410"]
[BlackElo "2515"]

1.Nf3 Nf6 2.c4 g6 3.g3 Bg7 4.Bg2 O-O 5.O-O d6 6.d4 Nbd7 7.Nc3 e5 8.dxe5 dxe5
9.e4 c6 10.h3 Qe7 11.Be3 Nc5 12.Qc2 a5 13.a3 Nfd7 14.Rad1 a4 15.Ne1 b6 16.Nd3 Ba6
17.Nxa4 Nxa4 18.Qxa4 Qe6 19.Rc1 Rfd8 20.Qc2 c5 21.Rfd1 Rac8 22.a4 Nb8 23.a5 Nc6
24.axb6 Nd4 25.Bxd4 Rxd4 26.b3 Qxb6 27.Ne1 Rb8 28.Nf3 Rxd1+ 29.Rxd1 Bc8 30.Rd3 h6
31.Nd2 Ra8 32.Kh2 Be6 33.Nb1 Ra1 34.Nc3 Qa5 35.Rd1 Ra3 36.Bf1 h5 37.h4 Bh6
38.Rb1 Kh7 39.Qb2 Qb4 40.Nb5 Ra6 41.Bh3 Bxh3 42.Kxh3 Qd2 43.Qxd2 Bxd2 44.Rd1 Ra2
45.Nd6 Kg7 46.Nb7 Bb4 47.Kg2 Ra7 48.Nd6 Kf6 49.Rd3 Ke6 50.Nb5 Ra2 51.Nc7+ Ke7
52.Nd5+ Ke8 53.Rf3 Rb2 54.Nf6+ Ke7 55.g4 hxg4 56.Nxg4 Ke6 57.Nf6 Ba5 58.h5 Bd2
59.hxg6 fxg6 60.Nh7 Ke7 61.Nf6 Bf4 62.Nd5+ Ke6 63.Rd3 g5 64.Nb6 g4 65.Na4 Rc2
66.Nxc5+ Ke7 67.Kf1 Rc1+ 68.Kg2 Rc2 69.Kf1 Rc1+ 70.Ke2 Rc2+ 71.Ke1 Rc1+ 72.Ke2 Rc2+
73.Ke1 Rc1+ 74.Rd1 Rc3 75.Rd7+ Kf6 76.Rd3 Rc1+ 77.Ke2 Rc2+ 78.Ke1 Rc1+ 79.Rd1 Rc3
80.Ke2 Rc2+ 81.Kf1 Kg5 82.Re1 Rc3 83.Kg2 g3 84.fxg3 Bxg3 85.Re2 Bf4 86.Ne6+ Kg4
87.c5 Rg3+ 88.Kf1 Rxb3 89.c6 Rc3 90.c7 Kf3  1/2-1/2

[Event "DDR-ch 31th"]
[Site "Salzwedel"]
[Date "1982.??.??"]
[Round "4"]
[White "Espig, Lutz"]
[Black "Vogt, Lothar"]
[Result "1/2-1/2"]
[WhiteElo "2470"]
[BlackElo "2495"]

1.Nf3 Nf6 2.g3 g6 3.Bg2 Bg7 4.c4 O-O 5.d4 d6 6.O-O Nbd7 7.Qc2 e5 8.Rd1 Re8
9.dxe5 Nxe5 10.Nxe5 Rxe5 11.Nc3 Rh5 12.Nd5 Nxd5 13.Rxd5 Rxd5 14.cxd5 Bf5
15.e4 Bd7 16.Bd2 c6 17.dxc6 Bxc6  1/2-1/2